000 00928nam a2200205Ia 4500
003 Ost
005 20260507075540.0
008 260507s9999||||xx |||||||||||||| ||und||
020 _a978995732374
040 _cfsecg
041 _aara
082 _a310
100 _aالعياصرة، أحمد أكرم الشبلي
_eمؤلف
245 0 _aمبادئ الاحصاء /
_c أحمد أكرم الشبلي العياصرة
260 _aعمان:
_bدار الحامد للنشر والتوزيع,
_c2008
300 _a308 صفحة؛
_bإيضاحات ؛
_c24 سم
520 _aيضم السلاسل الزمنية، المتغيرات العشوائية كالإحتمال، المتغيرات العشوائية، التوزيعات الإحتمالية، جدول التوزيع الطبيعي، التوزيع ذو الحدين
653 _aالإحصاء - المعاملات الإرتباطية
942 _cكتاب
999 _c44862
_d44862